[Event "ARG-chT"]
[Site "Villa Martelli"]
[Date "2018.09.01"]
[Round "9.2"]
[White "Auciello, Sergio"]
[Black "Codigone, Maximiliano"]
[Result "1-0"]
[WhiteElo "2339"]
[BlackElo "2092"]
[PlyCount "115"]
[EventDate "2018.07.07"]
[EventType "team-swiss"]
[EventRounds "9"]
[EventCountry "ARG"]
[SourceTitle "CBM 187 Extra"]
[Source "ChessBase"]
[SourceDate "2018.11.04"]
[SourceVersion "1"]
[SourceVersionDate "2018.11.04"]
[SourceQuality "1"]
[WhiteTeam "Boca Juniors"]
[BlackTeam "Club Argentino"]
[WhiteTeamCountry "ARG"]
[BlackTeamCountry "ARG"]

1. d4 d5 2. c4 e6 3. Nc3 Bb4 4. Nf3 Nf6 5. Qa4+ Nc6 6. Bg5 Bd7 7. Qc2 h6 8. Bxf6 Qxf6 9. e3 0-0 10. a3 Bxc3+ 11. Qxc3 Rfe8 12. cxd5 exd5 13. Be2 Bg4 14. 0-0 Rad8 15. b4 Qd6 16. Rfc1 a6 17. h3 Bxf3 18. Bxf3 Re7 19. Rab1 Na7 20. a4 g6 21. b5 axb5 22. axb5 Nc8 23. Ra1 Nb6 24. Ra7 Rb8 25. Qc5 Qd8 26. Ra2 Kg7 27. Qb4 Kg8 28. Rc5 Qd6 29. Qb3 Rd7 30. Bg4 Re7 31. Qb1 Kg7 32. Bf3 Rd8 33. Qc1 Kg8 34. Bd1 Kg7 35. Bb3 f5 36. Rac2 Rdd7 37. Qd2 g5 38. Rc1 Qf6 39. R5c3 h5 40. Qd1 g4 41. Qf1 Qg5 42. g3 h4 43. gxh4 Qxh4 44. hxg4 Kf6 45. Qg2 Rg7 46. Bd1 fxg4 47. e4 g3 48. e5+ Ke7 49. Rxg3 Rxg3 50. Qxg3 Qh6 51. Rc3 Kf8 52. Rf3+ Rf7 53. Rxf7+ Kxf7 54. Bg4 Nc4 55. e6+ Ke8 56. Qxc7 Qc1+ 57. Kh2 Qf4+ 58. Qxf4 1-0

[Event "San Luis La Punta IM"]
[Site "San Luis"]
[Date "2016.12.17"]
[Round "8"]
[White "Di Giannantonio, Nino"]
[Black "Auciello, Sergio"]
[Result "0-1"]
[WhiteElo "2327"]
[BlackElo "2350"]
[PlyCount "78"]
[EventDate "2016.12.12"]
[EventType "tourn"]
[EventRounds "9"]
[EventCountry "ARG"]
[EventCategory "2"]
[SourceTitle "CBM 176 Extra"]
[Source "ChessBase"]
[SourceDate "2017.03.02"]
[SourceVersion "1"]
[SourceVersionDate "2017.03.02"]
[SourceQuality "1"]

1. e4 c5 2. Nf3 e6 3. d4 cxd4 4. Nxd4 Nf6 5. Nc3 d6 6. Be2 Be7 7. 0-0 0-0 8. f4 Nc6 9. Be3 e5 10. fxe5 dxe5 11. Nf5 Bxf5 12. Rxf5 Nd7 13. Bc4 Bc5 14. Bxc5 Nxc5 15. Qd5 Qxd5 16. Bxd5 g6 17. Rf2 Kg7 18. a3 a5 19. Nb5 Rad8 20. Raf1 f5 21. Nc3 f4 22. Nb5 Rd7 23. Rf3 Ne7 24. b4 axb4 25. axb4 Nxd5 26. exd5 Na6 27. Re1 Nxb4 28. Rxe5 Nxd5 29. Nd4 Rc8 30. g3 Rc4 31. Ne6+ Kf6 32. Re2 Re7 33. Nxf4 Rxf4 34. Rxf4+ Nxf4 35. Rxe7 Kxe7 36. gxf4 Ke6 37. Kf2 Kd5 38. Ke3 Kc4 39. h4 b5 0-1

[Event "San Luis La Punta IM"]
[Site "San Luis"]
[Date "2016.12.16"]
[Round "7"]
[White "Auciello, Sergio"]
[Black "Valenzuela Gomez, Fernando Alberto"]
[Result "0-1"]
[WhiteElo "2350"]
[BlackElo "2369"]
[PlyCount "114"]
[EventDate "2016.12.12"]
[EventType "tourn"]
[EventRounds "9"]
[EventCountry "ARG"]
[EventCategory "2"]
[SourceTitle "CBM 176 Extra"]
[Source "ChessBase"]
[SourceDate "2017.03.02"]
[SourceVersion "1"]
[SourceVersionDate "2017.03.02"]
[SourceQuality "1"]

1. d4 Nf6 2. Nf3 g6 3. g3 Bg7 4. Bg2 0-0 5. 0-0 d6 6. b3 a5 7. a4 Nc6 8. Bb2 Bf5 9. Nbd2 Nb4 10. c3 Na6 11. Nh4 Bc8 12. Nc4 c6 13. Qc2 Be6 14. Rae1 Rb8 15. Nd2 d5 16. e4 dxe4 17. Nxe4 Nxe4 18. Rxe4 Bd5 19. Re2 Bxg2 20. Nxg2 e6 21. Ba3 Re8 22. Nf4 Qc7 23. Nd3 Rbd8 24. Rd1 Nb8 25. Bc1 Qe7 26. h4 Nd7 27. Bg5 Bf6 28. Bxf6 Nxf6 29. Re5 b6 30. Ree1 Rd6 31. Ne5 Qc7 32. Qe2 Red8 33. Rd3 Kg7 34. Rf3 Rf8 35. Nd3 Rd5 36. Nf4 Rd7 37. h5 c5 38. dxc5 Qxc5 39. h6+ Kxh6 40. Nd3 Qg5 41. Ne5 Rd2 42. Qb5 Rd5 43. Qe2 Kg7 44. Nc4 Rb8 45. Rf4 e5 46. Rh4 e4 47. Rf4 h5 48. Kg2 Rbd8 49. Nxb6 Rd2 50. Qb5 Qxb5 51. axb5 Rb2 52. Nc4 Rxb3 53. Nxa5 Rxb5 54. Nc6 Rd2 55. Nb4 g5 56. Rxf6 Kxf6 57. Rxe4 Rf5 0-1

[Event "ARG-chT"]
[Site "Villa Martelli"]
[Date "2016.10.29"]
[Round "6.1"]
[White "Krysa, Leandro Sergio"]
[Black "Auciello, Sergio"]
[Result "1/2-1/2"]
[WhiteElo "2494"]
[BlackElo "2346"]
[PlyCount "77"]
[EventDate "2016.09.24"]
[EventType "team-swiss"]
[EventRounds "9"]
[EventCountry "ARG"]
[SourceTitle "EXT 2018"]
[Source "ChessBase"]
[SourceDate "2017.10.13"]
[SourceVersion "1"]
[SourceVersionDate "2017.10.13"]
[SourceQuality "1"]
[WhiteTeam "Obras AySa"]
[BlackTeam "Boca Juniors"]
[WhiteTeamCountry "ARG"]
[BlackTeamCountry "ARG"]

1. d4 e6 2. c4 Bb4+ 3. Nc3 c5 4. Nf3 cxd4 5. Nxd4 Nf6 6. Qb3 Bc5 7. e3 Nc6 8. Nxc6 dxc6 9. Be2 0-0 10. 0-0 e5 11. Qc2 Be6 12. b3 Qe7 13. Bb2 Ba3 14. Bxa3 Qxa3 15. Ne4 Nxe4 16. Qxe4 Qb2 17. Rfe1 f5 18. Rab1 Qc3 19. Qd3 Qxd3 20. Bxd3 Rfd8 21. Red1 e4 22. Bc2 c5 23. f3 exf3 24. gxf3 Kf7 25. h4 Kf6 26. Kf2 h6 27. f4 g5 28. hxg5+ hxg5 29. fxg5+ Kxg5 30. Ke2 Rxd1 31. Rxd1 Rh8 32. Rf1 Rh2+ 33. Kd3 Kf6 34. Kc3 Rh3 35. Kd2 Rh2+ 36. Kc3 Ke5 37. Rg1 Kf6 38. Rf1 Rh3 39. Kd2 1/2-1/2

[Event "Buenos Aires Intercoop 29th"]
[Site "Buenos Aires"]
[Date "2003.??.??"]
[Round "3"]
[White "Auciello, Sergio"]
[Black "Gargiulo, Lucas"]
[Result "1-0"]
[WhiteElo "2346"]
[BlackElo "2213"]
[PlyCount "148"]
[EventDate "2003.08.23"]
[EventType "team-tourn"]
[EventRounds "7"]
[EventCountry "ARG"]
[SourceTitle "EXT 2004"]
[Source "ChessBase"]
[SourceDate "2003.11.25"]
[SourceVersion "1"]
[SourceVersionDate "2003.11.25"]
[SourceQuality "1"]

1. d4 e6 2. c4 f5 3. Nf3 Nf6 4. g3 Be7 5. Bg2 0-0 6. 0-0 d6 7. b3 Qe8 8. Bb2 a5 9. a3 Qh5 10. Ne1 Nc6 11. Nd3 Nd8 12. Nd2 c6 13. e4 Qxd1 14. Rfxd1 fxe4 15. Nxe4 Nxe4 16. Bxe4 d5 17. Bg2 Bd6 18. c5 Bc7 19. Re1 Nf7 20. Re2 Nh6 21. Rae1 Nf5 22. Bh3 Bd7 23. Bxf5 exf5 24. Bc1 Rae8 25. Re7 Rxe7 26. Rxe7 Rf7 27. Re2 Kf8 28. Bf4 Bxf4 29. gxf4 Re7 30. Ne5 Be8 31. Rb2 Re6 32. a4 Re7 33. b4 axb4 34. Rxb4 Bh5 35. f3 Be8 36. Rb6 Rc7 37. Kf2 Ke7 38. Ke3 Kd8 39. Kd3 Kc8 40. Rb2 Kb8 41. Rg2 h6 42. Kc3 Re7 43. Kb4 Ka7 44. Ka5 Bh5 45. Rg1 Be8 46. Re1 Rc7 47. h4 Bh5 48. Re3 Rc8 49. Nd7 Re8 50. Ne5 Re6 51. Re1 Re8 52. Rg1 Re7 53. Rb1 Rc7 54. Rb6 Ka8 55. Kb4 Ka7 56. a5 Be8 57. a6 bxa6 58. Ka5 Rc8 59. Nd3 Rc7 60. Nb4 Bd7 61. Nxa6 Rb7 62. Nb4 Rc7 63. Nd3 Be8 64. Ne5 Rc8 65. Rb2 Rc7 66. Rb6 Rc8 67. Rb1 Rc7 68. Re1 Bh5 69. Re3 Rc8 70. Nd3 Re8 71. Ne5 Rc8 72. Re2 Kb7 73. Kb4 Kc7 74. Rg2 Rb8+ 1-0

[Event "Najdorf Memorial Great fin"]
[Site "Buenos Aires"]
[Date "2002.10.01"]
[Round "1.1"]
[White "Sorin, Ariel"]
[Black "Auciello, Sergio"]
[Result "1-0"]
[WhiteElo "2512"]
[BlackElo "2346"]
[PlyCount "95"]
[EventDate "2002.09.01"]
[EventType "k.o."]
[EventRounds "4"]
[EventCountry "ARG"]
[SourceTitle "CBM 090 Extra"]
[Source "ChessBase"]
[SourceDate "2002.11.07"]
[SourceVersion "1"]
[SourceVersionDate "2002.11.07"]
[SourceQuality "1"]

1. d4 Nf6 2. c4 e6 3. Nf3 b6 4. g3 Bb7 5. Bg2 Be7 6. Nc3 0-0 7. 0-0 Na6 8. d5 Bb4 9. Nh4 Bxc3 10. bxc3 Nc5 11. Ba3 exd5 12. cxd5 Re8 13. c4 d6 14. Bb2 Nfd7 15. Nf5 f6 16. Qc2 Ne5 17. f4 Ng4 18. Bh3 Ne3 19. Nxe3 Rxe3 20. Bf5 h6 21. Bd4 Re7 22. e4 Qe8 23. e5 fxe5 24. fxe5 dxe5 25. Bxc5 bxc5 26. Qf2 e4 27. Qxc5 Bc8 28. Bg6 Qd8 29. Rae1 Bh3 30. Rf4 e3 31. Rxe3 Rxe3 32. Qxe3 Qd6 33. Bc2 Rf8 34. c5 Rxf4 35. gxf4 Qf8 36. d6 Qc8 37. dxc7 Qg4+ 38. Qg3 Qd7 39. Qb3+ Kf8 40. Qd3 Qxc7 41. Qd4 Qc8 42. Kf2 Be6 43. Qd6+ Kf7 44. c6 Qa6 45. Bg6+ Kf6 46. Qe5+ Kxg6 47. Qxe6+ Kh5 48. Qe2+ 1-0

[Event "Najdorf Memorial op"]
[Site "Buenos Aires"]
[Date "2002.09.28"]
[Round "7.3"]
[White "Auciello, Sergio"]
[Black "Pierrot, Juan Facundo"]
[Result "1/2-1/2"]
[WhiteElo "2346"]
[BlackElo "2423"]
[PlyCount "21"]
[EventDate "2002.09.23"]
[EventType "swiss"]
[EventRounds "8"]
[EventCountry "ARG"]
[SourceTitle "CBM 090 Extra"]
[Source "ChessBase"]
[SourceDate "2002.11.07"]
[SourceVersion "1"]
[SourceVersionDate "2002.11.07"]
[SourceQuality "1"]

1. e4 e5 2. Nf3 Nf6 3. Nxe5 d6 4. Nf3 Nxe4 5. Qe2 Qe7 6. d3 Nf6 7. Bg5 Nbd7 8. Nc3 Qxe2+ 9. Bxe2 c6 10. 0-0 Be7 11. Rfe1 1/2-1/2

[Event "Najdorf Festival op"]
[Site "Buenos Aires"]
[Date "1998.11.01"]
[Round "9"]
[White "Auciello, Sergio"]
[Black "Zarnicki, Pablo Adrian"]
[Result "1/2-1/2"]
[WhiteElo "2390"]
[BlackElo "2515"]
[PlyCount "85"]
[EventDate "1998.10.??"]
[EventType "swiss"]
[EventRounds "9"]
[EventCountry "ARG"]
[SourceTitle "CBM 067 Extra"]
[Source "ChessBase"]
[SourceDate "1999.01.01"]
[SourceVersion "1"]
[SourceVersionDate "1999.01.01"]
[SourceQuality "1"]

1. d4 Nf6 2. Nf3 e6 3. c4 b6 4. g3 Ba6 5. Nbd2 Bb4 6. Qc2 c5 7. Bg2 Nc6 8. dxc5 bxc5 9. 0-0 0-0 10. Rd1 Qe7 11. Qa4 Bb7 12. Ne5 Nxe5 13. Bxb7 Rab8 14. Bg2 d5 15. cxd5 exd5 16. Nf3 Nxf3+ 17. Bxf3 c4 18. Bf4 Rbd8 19. Be3 Bc5 20. Bd4 Rb8 21. Qc2 Rfc8 22. Bc3 Ne4 23. Bxe4 dxe4 24. Rd5 e3 25. f3 Bb4 26. Be5 Rb6 27. Qf5 Re6 28. Qg4 g6 29. f4 c3 30. bxc3 Bxc3 31. Rad1 h5 32. Qh3 Bxe5 33. Rxe5 Rc2 34. Rxe6 Qxe6 35. Qxe6 fxe6 36. Kf1 Rxa2 37. Rd3 Kf7 38. Rxe3 a5 39. Rc3 a4 40. Rc8 a3 41. Ra8 Kf6 42. Kf2 Ra1 43. h3 1/2-1/2

[Event "Najdorf Memorial op"]
[Site "Buenos Aires"]
[Date "1997.??.??"]
[Round "3"]
[White "Auciello, Sergio"]
[Black "Rodriguez Vila, Andres"]
[Result "0-1"]
[WhiteElo "2385"]
[BlackElo "2565"]
[PlyCount "84"]
[EventDate "1997.05.19"]
[EventType "swiss"]
[EventRounds "9"]
[EventCountry "ARG"]
[SourceTitle "CBM 058 Extra"]
[Source "ChessBase"]
[SourceDate "1997.07.29"]
[SourceVersion "1"]
[SourceVersionDate "1997.07.29"]
[SourceQuality "1"]

1. d4 f5 2. Nc3 d5 3. Bf4 Nf6 4. e3 c6 5. Bd3 e6 6. Nf3 Be7 7. h3 0-0 8. g4 Ne4 9. gxf5 exf5 10. Ne2 Be6 11. c3 Nd7 12. Rg1 Bf6 13. Qc2 Kh8 14. Be5 Bxe5 15. Nxe5 Nxe5 16. dxe5 Qh4 17. Nf4 Rae8 18. Qe2 Bf7 19. Bxe4 fxe4 20. 0-0-0 Rxe5 21. Qd2 Qf6 22. h4 Qxh4 23. Qd4 Qe7 24. Qxa7 g5 25. Nh3 c5 26. Rg3 Rg8 27. Rdg1 h6 28. Qb6 Rg6 29. Qb5 d4 30. exd4 cxd4 31. Qe2 d3 32. Qe3 Ra6 33. a3 Rd6 34. Kd2 Rb5 35. Nxg5 Rxb2+ 36. Kc1 Rc2+ 37. Kd1 Bb3 38. Nf7+ Qxf7 39. Rg8+ Qxg8 40. Rxg8+ Kxg8 41. Qg3+ Kh7 42. Qxd6 Re2+ 0-1

[Event "Buenos Aires FMDA-chT"]
[Site "Buenos Aires"]
[Date "1996.??.??"]
[Round "7"]
[White "Auciello, Sergio"]
[Black "Rodriguez, Jorge Luis"]
[Result "1-0"]
[WhiteElo "2385"]
[BlackElo "2425"]
[PlyCount "85"]
[EventDate "1996.??.??"]
[EventType "team-tourn"]
[EventRounds "8"]
[EventCountry "ARG"]
[SourceTitle "EXT 2001"]
[Source "ChessBase"]
[SourceDate "2000.11.22"]
[SourceVersion "1"]
[SourceVersionDate "2000.11.22"]
[SourceQuality "1"]

1. d4 d5 2. c4 e6 3. Nc3 c6 4. Nf3 Nf6 5. Bg5 Nbd7 6. e3 Qa5 7. Nd2 dxc4 8. Bxf6 Nxf6 9. Nxc4 Qc7 10. Rc1 Nd5 11. a3 Be7 12. Be2 0-0 13. 0-0 Nxc3 14. Rxc3 b6 15. Ne5 c5 16. Nd3 a5 17. Qc2 Ba6 18. dxc5 Bxd3 19. Bxd3 bxc5 20. Bxh7+ Kh8 21. Bd3 Rab8 22. b3 Rb6 23. Bc4 Bd6 24. f4 Be7 25. e4 g6 26. f5 exf5 27. exf5 Kg7 28. Rcf3 Rh8 29. h3 Qe5 30. fxg6 Qd4+ 31. Kh1 f6 32. Rf4 Qd8 33. Qe2 Rh6 34. Re4 Bf8 35. Re8 Qc7 36. Bf7 Qb7 37. Rxf8 Rxh3+ 38. Kg1 Kxf8 39. Qe8+ Kg7 40. Qg8+ Kh6 41. Qh8+ Kg5 42. Qxh3 Qe4 43. g7 1-0

[Event "Buenos Aires tt"]
[Site "Buenos Aires"]
[Date "1995.??.??"]
[Round "?"]
[White "Fernandez, J."]
[Black "Auciello, Sergio"]
[Result "0-1"]
[WhiteElo "2240"]
[BlackElo "2370"]
[PlyCount "121"]
[EventDate "1995.??.??"]
[EventType "team-tourn"]
[EventRounds "7"]
[EventCountry "ARG"]
[SourceTitle "EXT 1998"]
[Source "ChessBase"]
[SourceDate "1997.11.17"]
[SourceVersion "1"]
[SourceVersionDate "1997.11.17"]
[SourceQuality "1"]

1. c4 Nf6 2. Nc3 g6 3. e4 d6 4. Nge2 Bg7 5. g3 c5 6. Bg2 Nc6 7. 0-0 0-0 8. d3 Ne8 9. Be3 Nc7 10. Qd2 Ne6 11. Bh6 Ned4 12. Bxg7 Kxg7 13. f4 f6 14. Rab1 e5 15. Nxd4 Nxd4 16. Ne2 Nc6 17. a3 Rb8 18. b4 Be6 19. b5 Nd4 20. Nxd4 cxd4 21. a4 a6 22. a5 axb5 23. Rxb5 Bd7 24. Rb6 Bc6 25. Rfb1 Ra8 26. Qb4 Qc7 27. c5 Rfd8 28. Bf3 dxc5 29. Qxc5 Qd6 30. Qxd6 Rxd6 31. Ra1 Ra6 32. Rxa6 bxa6 33. Rc1 Bb5 34. Rc7+ Rd7 35. Rxd7+ Bxd7 36. Kf2 Kf8 37. fxe5 fxe5 38. g4 g5 39. Ke2 Ke7 40. Kd2 Kd6 41. Kc2 Kc5 42. Kb3 Kb5 43. Ka3 Kxa5 44. Bd1 Kb5 45. h3 Kc5 46. Bf3 Bc6 47. Be2 a5 48. Bf3 Bd7 49. Bd1 Kd6 50. Bf3 Ke7 51. Bd1 h5 52. Bf3 h4 53. Bd1 Kd6 54. Bf3 Kc5 55. Bd1 Kb6 56. Bf3 Be8 57. Be2 a4 58. Bf1 Bd7 59. Be2 Ka5 60. Bd1 Be8 61. Bf3 0-1

[Event "ARG-Cup"]
[Site "Argentina"]
[Date "1995.??.??"]
[Round "4"]
[White "Roca, Alfredo Cristian"]
[Black "Auciello, Sergio"]
[Result "1/2-1/2"]
[WhiteElo "2380"]
[BlackElo "2370"]
[PlyCount "32"]
[EventDate "1995.??.??"]
[EventType "swiss"]
[EventRounds "5"]
[EventCountry "ARG"]
[SourceTitle "EXT 1997"]
[Source "ChessBase"]
[SourceDate "1996.11.15"]
[SourceVersion "1"]
[SourceVersionDate "1996.11.15"]
[SourceQuality "1"]

1. Nf3 d5 2. b3 c6 3. Bb2 Bg4 4. e3 Nd7 5. c4 e6 6. Be2 Ngf6 7. 0-0 Bd6 8. Nc3 0-0 9. Nd4 Bxe2 10. Qxe2 Re8 11. f4 g6 12. Nf3 Qe7 13. d4 Ba3 14. Bxa3 Qxa3 15. Ne5 Qe7 16. Rad1 a5 1/2-1/2

[Event "Buenos Aires PRENAJ"]
[Site "Buenos Aires"]
[Date "1994.??.??"]
[Round "8"]
[White "Sorin, Ariel"]
[Black "Auciello, Sergio"]
[Result "1-0"]
[WhiteElo "2470"]
[BlackElo "2355"]
[PlyCount "69"]
[EventDate "1994.??.??"]
[EventType "swiss"]
[EventRounds "11"]
[EventCountry "ARG"]
[SourceTitle "EXT 1997"]
[Source "ChessBase"]
[SourceDate "1996.11.15"]
[SourceVersion "1"]
[SourceVersionDate "1996.11.15"]
[SourceQuality "1"]

1. d4 e6 2. c4 Nf6 3. Nf3 d5 4. Nc3 Be7 5. Bg5 Nbd7 6. e3 0-0 7. Rc1 c6 8. Bd3 h6 9. Bf4 Nh5 10. Be5 Nxe5 11. Nxe5 Nf6 12. 0-0 Bd7 13. cxd5 exd5 14. f4 Qc8 15. Qc2 Bd6 16. h3 c5 17. g4 c4 18. Be2 Bc6 19. Bf3 Qe6 20. Qg2 Rad8 21. Rcd1 Bb4 22. g5 hxg5 23. fxg5 Ne4 24. Bxe4 dxe4 25. Rf6 Qc8 26. Nxc6 bxc6 27. Nxe4 c5 28. Rc6 Qf5 29. Rf1 Qh7 30. Rh6 gxh6 31. Nf6+ Kh8 32. Nxh7 Kxh7 33. Qe4+ Kg8 34. gxh6 Rd6 35. h7+ 1-0

[Event "Villa Gesell tt"]
[Site "Villa Gesell"]
[Date "1994.??.??"]
[Round "?"]
[White "Spangenberg, Hugo"]
[Black "Auciello, Sergio"]
[Result "1-0"]
[WhiteElo "2510"]
[BlackElo "2355"]
[PlyCount "61"]
[EventDate "1994.??.??"]
[EventType "team-tourn"]
[EventRounds "9"]
[EventCountry "ARG"]
[SourceTitle "EXT 2004"]
[Source "ChessBase"]
[SourceDate "2003.11.25"]
[SourceVersion "1"]
[SourceVersionDate "2003.11.25"]
[SourceQuality "1"]

1. e4 e6 2. d3 d5 3. Nd2 Nf6 4. Ngf3 b6 5. e5 Nfd7 6. g3 c5 7. Nb3 Nc6 8. Bf4 Qc7 9. Qe2 h6 10. h4 Bb7 11. Bg2 0-0-0 12. c4 dxc4 13. dxc4 f6 14. exf6 e5 15. fxg7 Bxg7 16. Be3 Nd4 17. Bxd4 cxd4 18. 0-0 Rhe8 19. Nfd2 e4 20. Qg4 Bh8 21. Bxe4 Rxe4 22. Nxe4 Kb8 23. Nbd2 Ne5 24. Qh5 Rg8 25. b3 Nd3 26. Qf3 Nf4 27. Rfe1 d3 28. Rad1 Bd4 29. Kf1 Ne6 30. Qxd3 Be5 31. Nf3 1-0